000 00684nam a22002297a 4500
003 UA-OsUOA
001 97289
007 ta
008 20130327b un ||||| |||| 00| 0 ukr d
100 _aОгнев В.
090 _a821.161.1
_bО-38
942 _cBK
040 _aUA-OsUOA
_brus
_cUA-OsUOA
_dUA-OsUOA
245 _aГоризонты поэзии
_bизбранные работы в двух томах
_n2
300 _a535 с.
955 _a3
041 _arus
080 _a821.161.1
260 _aМосква
_bХудожественная литература
_c1982
650 7 _a82 Література. Літературознавство
_2UDC
999 _c383535
_d383535